00748nam a2200157 a 450000500170000000800410001705000250005810000180008324500460010150000360014752002290018365000210041294200080043399900190044195201300046020140414093843.0090615s19uu xx 00 eng d aDVD 791.43bHOU 1993 aAugust, Bille aThe House of the spirits /cBille August. aRunning time: 140 mins. approx. aSpanning 3 generations of the Trueba family, this sweeping and brooding melodrama brings together historical events, romance, humour, fantasy, class conflicts, political realism and revenge in twetieth century South America. aMotion pictures. cAVM c109448d109448 00104050aLUXbLUXcAVd2009-06-15eI.B Fundg1043.68l0oDVD 791.43 HOU 1993pAV1095r2014-04-14 00:00:00w2014-04-14yAVM